书目信息 |
| 题名: |
小学语文课程与教学导论
|
|
| 作者: | 江玉安 著 | |
| 分册: | ||
| 出版信息: | 长沙 湖南师范大学出版社 2018.5 |
|
| 页数: | 392页 | |
| 开本: | 24cm | |
| 丛书名: | ||
| 单 册: | ||
| 中图分类: | G623.203 | |
| 科图分类: | ||
| 主题词: | 小学语文课--教学参考资料 | |
| 电子资源: | ||
| ISBN: | 978-7-5648-3222-3 | |
| 000 | 01001nam0 2200253 45 | |
| 001 | 012001001825 | |
| 005 | 20140821140253.0 | |
| 010 | @a978-7-5648-3222-3@dCNY69.00 | |
| 099 | @aCAL 012018197185 | |
| 100 | @a20180517d2018 em y0chiy0110 ea | |
| 101 | 0 | @achi |
| 102 | @aCN@b110000 | |
| 105 | @ay a 000yy | |
| 106 | @ar | |
| 200 | 1 | @a小学语文课程与教学导论@Axiao xue yu wen ke cheng yu jiao xue dao lun@f江玉安著 |
| 210 | @a长沙@c湖南师范大学出版社@d2018.5 | |
| 215 | @a392页@d24cm | |
| 320 | @a有书目 (第390-392页) | |
| 330 | @a本书由三部分构成,第一部分为“教师论”,由“小学语文教师”一章构成;第二部分为“课程论”,由“小学语文课程与教材”一章构成;第三部分为“教学论”,由“小学语文教学设计的基本理论与一般方法”“识字与写字教学”“阅读教学”“作文教学”“口语及交际教学”“小学语文综合性学习”六章构成。 | |
| 606 | 0 | @a小学语文课@j教学参考资料 |
| 690 | @aG623.203@v5 | |
| 701 | 0 | @a江玉安@Ajiang yu an@4著 |
| 801 | @aCN@bAHXH@c20210922 | |
| 905 | @b1252817-21@dG623.203@e1640@f5 | |
| 小学语文课程与教学导论/江玉安著.-长沙:湖南师范大学出版社,2018.5 |
| 392页;24cm |
| ISBN 978-7-5648-3222-3:CNY69.00 |
| 本书由三部分构成,第一部分为“教师论”,由“小学语文教师”一章构成;第二部分为“课程论”,由“小学语文课程与教材”一章构成;第三部分为“教学论”,由“小学语文教学设计的基本理论与一般方法”“识字与写字教学”“阅读教学”“作文教学”“口语及交际教学”“小学语文综合性学习”六章构成。 |
| ● |
| 相关链接 |
|
|
|
|
正题名:小学语文课程与教学导论
索取号:G623.203/1640
 
预约/预借
| 序号 | 登录号 | 条形码 | 馆藏地/架位号 | 状态 | 备注 |
| 1 | 1252817 | 212528175 | 第一样本阅览室/ [索取号:G623.203/1640] | 在馆 | |
| 2 | 1252818 | 212528184 | 教育系资料室/ [索取号:G623.203/1640] | 在馆 | |
| 3 | 1252819 | 212528193 | 教育系资料室/ [索取号:G623.203/1640] | 在馆 | |
| 4 | 1252820 | 212528200 | 第四借阅区/ [索取号:G623.203/1640] | 在馆 | |
| 5 | 1252821 | 212528219 | 第四借阅区/ [索取号:G623.203/1640] | 在馆 |